Capital controls and trade liberalization in a monetary economy

Guardado en:
Detalles Bibliográficos
Autor principal: Jang, Byung K.
Formato: Libro
Lenguaje:inglés
Publicado: Washington International Monetary Fund 1999
Colección:IMF Working Paper 24
Materias:
Etiquetas: Agregar Etiqueta
Sin Etiquetas, Sea el primero en etiquetar este registro!

MARC

LEADER 00000nam a2200000 4500
001 c110396
005 20221221081739.3
041 0 |a eng 
044 |a US 
245 1 0 |a Capital controls and trade liberalization in a monetary economy  |c Byung K. Jang 
264 1 |a Washington  |b International Monetary Fund  |c 1999 
300 |a 24 s. 
490 1 |a IMF Working Paper  |v 24 
830 0 |a IMF Working Paper  |v 24 
610 2 0 |a liberalizácia 
610 2 0 |a hospodárstvo peňažné 
610 2 0 |a pohyb kapitálu 
610 2 0 |a rovnováha hospodárska 
610 2 0 |a dynamika ekonomiky 
100 1 |a Jang, Byung K.